01653nam a22003977a 4500003000500000005001700005008004100022010001000063011001000073035001000083040000900093090001000102100004500112245018500157260004000342300001000382502008900392590003700481590004100518590004100559590004100600590004200641650003100683650003100714650002700745650003200772650004400804650004300848901000700891942000900898949003600907949004100943999001700984952012601001952012801127CHAP20220329140134.0971013s1982 r 00010 d a47536 a48508 a52654 cCHAP aTesis00aReyes Méndez, Fernando Eleazar.996914 aEfecto de la suplementación, con melazac/ urea o rastrojo de maíz a vaquillas Holstein pastoreando praderas de Ballico perenne. (Lolium perenne) u Orchard (Dactylis glomerata) aChapingo, Méx. :bEl autor,c1982 a77 h. aTesis (M. C. Esp. en Ganadería) -- Colegio de Postgraduados. Centro de Ganadería aALEPHb10c20130110lUCH01h1317 aBATCH-UPDb10c20130110lUCH01h1157 aBATCH-UPDb10c20130410lUCH01h0740 aBATCH-UPDb10c20130914lUCH01h0552 aCONVERSIONb10c20130109lUCH01h132614aBecerrosxPastoreo.91118614aDactylis glomerata.93086514aLolium perenne.96750514aMaíz como forraje.97110914aMelaza en alimentación animal.97431514aUrea en alimentación animal.9116890 aBK cFOLL bBCcTESd-117184eTS1i52654si bBCcTESd-117185eTS2fc.2i52654si c47536d47536 00102local4053708TESISaBCbBCcPA_TESISd2012-12-17fTESISl0p-117185r2019-12-31 00:00:00tc.2w2019-12-31yTESIS 00102local4051708TESISaBCbBCcPA_TESISd2012-12-17fTESISl0oTesisp-117184r2019-12-31 00:00:00w2019-12-31yTESIS